01145cam a2200337 i 450000100090000000300050000900500170001400800410003101000170007202000300008902000270011903800220014604000280016804200080019605000270020408200140023110000280024524500970027326000400037026400570041026400110046730000450047833600210052333700250054433800230056944000430059249000560063550000200069165000400071170000560075117470602NUST20200210163213.0120921t20142014maua 001 0 eng  a 2012029915 a9781449685348 (casebound) a144968534X (casebound) aSNS Library Staff aDLCbengcDLCerdadDLC apcc00aQA276.12b.A39824 201400a519.52231 aAlbright, Brian,d1977-10aEssentials of Mathematical Statistics cBrian Albright, DSc, Concordia University, Nebraska. aUKbJones & Bartlett Learningc2015 1aBurlington, MA :bJones & Bartlett Learning,c[2014] 4c©2014 axii, 594 pages :billustrations ;c24 cm atext2rdacontent aunmediated2rdamedia avolume2rdacarrier aEssentials of Mathematical Statistics 0 aThe Jones & Bartlett learning series in mathematics aIncludes index. 0aMathematical statisticsvTextbooks. aBrian Albright, DSc, Concordia University, Nebraska